| 000 | 00362cam a22001217a 4500 | ||
|---|---|---|---|
| 008 | 180718b1955 xxu||||| |||| 00| 0 eng d | ||
| 082 | _aXA908 W412 | ||
| 100 | _aWeddell, Margaret | ||
| 245 |
_aTraining in home management _cby Margaret Weddell |
||
| 260 |
_aLondon _bRoutledge and Kegan Paul Ltd _c1955 |
||
| 300 | _av, 198p. | ||
| 650 | _aHome management --Training | ||
| 999 |
_c437396 _d437396 |
||